000 01247nam a22002417a 4500
999 _c3974
_d3974
005 20241127104409.0
008 241127b ||||| |||| 00| 0 eng d
020 _a9781405284691
040 _cKH8
082 _aFIC DRI
100 _aDriver, Sarah
_eAuthor
245 _aStorm /
_cSarah Driver
260 _aLondon,
_bEgmont,
_c2018
300 _a382 pages :
_billustrations,
_c20 cm
_emap ;
440 _aThe huntress
_v[3]
500 _aChildren's stories
520 _aStag's army marches on, and up in the Sky fortress of Hackles, Mouse tries to keep hopeful as allies from different Tribes join forces to fight him. Mouse is forbidden to leave the mountain - but when their leader is kidnapped, she knows she must go in search of the last Opal, even if this means breaking her promise to Da ... Mouse is soon heading for the lands of the bloodthirsty Fangtooths. And as rumours fly about the return of an ancient evil, Mouse knows that she and her crew will soon face their biggest battle - for their Tribes, for their lives - for their world as they know it. The storm is coming
521 _a9+.
650 _aAction and adventure fiction
650 _aChildren's fiction
650 _aChildren's stories
942 _2ddc
_cFIC